Score 0/80 Timer 07:00
0 Plays Today
Hint Answer % Correct
The Jetsonshis
93%
Brady Bunchhis
93%
The Golden Girlsa
91.7%
The Golden Girlsa
91.7%
The Sopranosa
91.7%
The Addams Familyto
90.1%
Star Trekto
90.1%
Love Boatto
90.1%
Happy Daysyou.
87.6%
Scooby Dooyou
87.6%
The SopranosYou
87.6%
Love Boatyou
87.6%
The Flintstonesof
86.2%
Brady Bunchof
86.2%
Three's Companyyou
85.2%
The Jetsonswife.
84.1%
The Golden Girlsand
82.2%
Frasierand
82.2%
MonkI
81.3%
Dawson's Creekit
80%
All in the Familyit
80%
Love Boatit
80%
Brady Bunchthree
79.2%
Brady Bunchboys
77.9%
Brady Bunchown
76.4%
The Flintstoneshistory
74.2%
The JetsonsDaughter
72.9%
All in the Familywe
72.9%
The JetsonsJane
72.5%
Monkso!
72%
The Flintstonesout
71.8%
Weedsthe
70.7%
The JetsonsJudy.
70.3%
The Flintstonesright
70.3%
The Addams Familysee
69.1%
The Addams Family'em
67%
Dawson's Creekbe
65.8%
Happy Daysall
65.4%
Weedsall
65.4%
The Addams Familycome
63.8%
Hint Answer % Correct
Dawson's Creekwill
63.6%
Dawson's Creekor
61%
Scooby Doonow
60.6%
Happy Dayswith
60.1%
The Addams Familypeople
59.8%
Scooby Doosome
57.2%
Frasiereggs
55.2%
Frasierscrambled
54.3%
Scooby Doofrom
53.8%
Scooby Doohelp
52.6%
Happy Daysweek
52.1%
All in the Familymade
52.1%
The Golden Girlsconfidant.
51.1%
The Flintstonespage
50.9%
All in the Familyhad
50.6%
All in the Familyus
50.3%
The Golden Girlspal
49.6%
Frasiertossed
46.3%
Three's Companyfor
44.4%
Frasiersalads
43.2%
Star Trekexplore
35.9%
Three's Companyis
34.8%
Monkbut
33.4%
Star Treknew
33.4%
Monkdon't
29.7%
Monkthink
29%
The Sopranosgot
27.9%
Happy DaysGroovin'
26.9%
Star Trekworlds
26.8%
Dawson's Creeksorry?
24.1%
Love Boatback
23.4%
WeedsLittle
23.3%
The Sopranosgun
23.1%
Weedsboxes
22.2%
The Sopranosyourself
21.4%
Weedssame.
19.4%
Star Trekstrange
19.2%
Three's Companycalling
18.2%
Three's Companylaughter
15.3%
Love Boatfloats
8.6%
Remove Ads.
Support Sporcle.
Get the best of Sporcle when you Go Orange. This ad-free experience offers more features, more stats, and more fun while also helping to support Sporcle. Thank you for becoming a member.

You're not logged in!

Compare scores with friends on all Sporcle quizzes.
OR
Log In

Show Comments

Extras

Top Quizzes Today


Score Distribution

Your Account Isn't Verified!

In order to create a playlist on Sporcle, you need to verify the email address you used during registration. Go to your Sporcle Settings to finish the process.

Report this User

Report this user for behavior that violates our Community Guidelines.

Details: